Ideas sobre estrategia
সংরক্ষণ করুন:
| প্রধান লেখক: | , |
|---|---|
| বিন্যাস: | গ্রন্থ |
| ভাষা: | স্প্যানিশ |
| প্রকাশিত: |
Bilbao
Deusto
1998
|
| বিষয়গুলি: | |
| ট্যাগগুলো: |
ট্যাগ যুক্ত করুন
কোনো ট্যাগ নেই, প্রথমজন হিসাবে ট্যাগ করুন!
|
MARC
| LEADER | 00000nam a2200000 a 4500 | ||
|---|---|---|---|
| 001 | UCO3353 | ||
| 003 | CL-VaPUC | ||
| 008 | 000720e19980000SP |||||||||||||||||spa|d | ||
| 082 | 0 | 4 | |a 658.4 |b STE |2 21 |
| 100 | 0 | |a Stern, Carl W |e author |9 447455 | |
| 700 | 0 | |a Stalk, George |e author |9 447456 | |
| 245 | 1 | 0 | |a Ideas sobre estrategia |
| 300 | |a 370 p | ||
| 942 | |c BK | ||
| 945 | |d 20000720 00:00:00 |a rbrito | ||
| 260 | |a Bilbao |b Deusto |c 1998 | ||
| 650 | 0 | |a Gestión administrativa |9 375217 | |
| 650 | 0 | |a Planificación estratégica |9 259735 | |
| 650 | 7 | |a PLANIFICACION |2 CL-VaPUC |9 260802 | |
| 650 | 0 | |a Administración |9 259325 | |
| 583 | |a last modification |c 20000720 00:00:00 |k Rodrigo Vera | ||
| 999 | |c 289811 |d 289809 | ||
| 952 | |0 0 |1 0 |4 0 |6 658_400000000000000_STE_1998 |7 0 |8 A |9 338559 |a BIBENE |b BIBENE |d 2019-11-20 |i 3628442 |o 658.4 STE 1998 |p 3628442 |r 2025-01-15 |w 2019-11-20 |y BK |k ICO | ||